000 00436nam a22001457a 4500
003 MACL
005 20151105141534.0
008 151105b xxu||||| |||| 00| 0 eng d
040 _cMACL
041 _aEnglish
100 _aSC Gupta
_917301
245 _aइंग्लिश भाषा के Errors, Mistakes एवं Blunders से कैसे बचें
260 _aMeerut
_bArihant Publications
_c2015
942 _2ddc
_cBK
999 _c50548
_d50548